[Event "Santa Eugenia op 10th"]
[Site "Santa Eugenia"]
[Date "2015.??.??"]
[Round "4"]
[White "Foix Breto, Antoni"]
[Black "Alabert Vidal, Marc"]
[Result "0-1"]
[WhiteElo "1880"]
[BlackElo "2013"]
[PlyCount "88"]
[EventDate "2015.04.17"]
[EventType "swiss"]
[EventRounds "9"]
[EventCountry "ESP"]
[SourceTitle "EXT 2016"]
[Source "ChessBase"]
[SourceDate "2015.10.08"]
[SourceVersion "1"]
[SourceVersionDate "2015.10.08"]
[SourceQuality "1"]

1. e4 c5 2. Nf3 d6 3. d4 cxd4 4. Nxd4 Nf6 5. Nc3 a6 6. Bc4 e6 7. Bb3 Be7 8. 0-0 0-0 9. Re1 Qc7 10. Qf3 Nc6 11. Be3 Ne5 12. Qg3 b5 13. a3 Re8 14. Rad1 Bf8 15. Bg5 Nfd7 16. Bc1 Bb7 17. f4 Nc4 18. Kh1 g6 19. f5 Bg7 20. fxe6 fxe6 21. Ba2 Qc5 22. Be3 Be5 23. Qh3 Nf8 24. Nxe6 Qc8 25. Ng5 Qxh3 26. Nxh3 Ne6 27. Ng5 Nf4 28. Bd4 Kg7 29. Nf3 Re7 30. Bxc4 bxc4 31. Bxe5+ dxe5 32. Rd6 Rb8 33. Rb6 Rd8 34. b3 cxb3 35. Rxb3 Bc8 36. g3 Nh3 37. Kg2 Be6 38. Rb6 Bc8 39. Nd5 Rf7 40. c4 Rdf8 41. Re3 Bg4 42. Rbb3 Ng5 43. Nxg5 Rf2+ 44. Kg1 Rf1+ 0-1

[Event "Girona-ch"]
[Site "Blanes"]
[Date "2015.??.??"]
[Round "1"]
[White "Foix Breto, Antoni"]
[Black "Clot Chico, Arnau"]
[Result "0-1"]
[WhiteElo "1831"]
[BlackElo "2065"]
[PlyCount "60"]
[EventDate "2015.09.27"]
[EventType "swiss"]
[EventRounds "9"]
[EventCountry "ESP"]
[SourceTitle "EXT 2017"]
[Source "ChessBase"]
[SourceDate "2016.10.25"]
[SourceVersion "1"]
[SourceVersionDate "2016.10.25"]
[SourceQuality "1"]

1. e4 c5 2. Nf3 d6 3. d4 cxd4 4. Nxd4 Nf6 5. Nc3 a6 6. Be3 e5 7. Nb3 Be6 8. f3 Be7 9. Qd2 0-0 10. 0-0-0 Qc7 11. Nd5 Nxd5 12. exd5 Bf5 13. Bd3 Bxd3 14. Qxd3 a5 15. Qb5 Rc8 16. Rd2 a4 17. Na1 a3 18. Rd3 axb2+ 19. Qxb2 Qc4 20. Kb1 Nd7 21. Rhd1 Ra6 22. Rb3 Nc5 23. Bxc5 dxc5 24. Rdd3 e4 25. fxe4 Qxe4 26. Re3 Qh4 27. h3 Bg5 28. Re2 Rf6 29. Qa3 Rf1+ 30. Kb2 Bc1+ 0-1

[Event "Santa Eugenia op 9th"]
[Site "Santa Eugenia"]
[Date "2014.04.25"]
[Round "1"]
[White "Vidal Zamora, Alex"]
[Black "Foix Breto, Antoni"]
[Result "1-0"]
[WhiteElo "2339"]
[BlackElo "1845"]
[PlyCount "47"]
[EventDate "2014.04.25"]
[EventType "swiss"]
[EventRounds "9"]
[EventCountry "ESP"]
[SourceTitle "EXT 2015"]
[Source "ChessBase"]
[SourceDate "2014.11.20"]
[SourceVersion "1"]
[SourceVersionDate "2014.11.20"]
[SourceQuality "1"]

1. e4 c5 2. Nf3 d6 3. d4 cxd4 4. Nxd4 Nf6 5. Nc3 a6 6. Be2 e6 7. 0-0 b5 8. Bf3 Ra7 9. a4 b4 10. Nce2 Rd7 11. c4 Bb7 12. Qd3 a5 13. g4 Na6 14. Ng3 Nc5 15. Qe2 h6 16. g5 hxg5 17. Bxg5 Be7 18. Rad1 Nh7 19. Bc1 Bg5 20. e5 Bxc1 21. Bxb7 Bxb2 22. Bc6 Bxd4 23. Rxd4 Qe7 24. Rxd6 1-0